MARC

LEADER 00000nlm0a2200000 4500
001 271234
005 20231101234422.0
010 |a 9785446806461 
035 |a (RuTPU)RU\TPU\book\294415 
090 |a 271234 
100 |a 20141006d2014 m y0rusy50 ca 
101 0 |a rus 
102 |a RU 
105 |a a j 001zy 
135 |a vocna---uucaa 
181 0 |a i  
182 0 |a b 
200 1 |a Начертательная геометрия  |b Электронный ресурс  |e учебник в электронном формате  |f Л. Г. Нартова, В. И. Якунин 
203 |a Текст  |c электронный 
205 |a 4-е изд., стер. 
210 |a Москва  |c Академия  |d 2014 
215 |a 1 Мультимедиа CD-ROM 
225 1 |a Высшее образование. Бакалавриат 
230 |a Мультимедиа ресурсы (10 директорий; 100 файлов; 740MB) 
300 |a Электронная копия печатного издания. 
320 |a Библиогр.: с. 188. 
333 |a Режим доступа: из корпоративной сети ТПУ 
337 |a Pentium 100 MHz, 16 Mb RAM, Windows 95/98/NT/2000, CDROM, SVGA, звуковая карта, Internet Explorer 5.0 и выше 
606 1 |a Начертательная геометрия  |2 stltpush  |3 (RuTPU)RU\TPU\subj\45211  |9 64468 
610 1 |a CD-ROM 
610 1 |a учебники 
610 1 |a проецирование 
610 1 |a комплексные чертежи 
610 1 |a позиционные задачи 
610 1 |a прямоугольные проекции 
610 1 |a метрические свойства 
610 1 |a кривые линии 
610 1 |a проекционные свойства 
610 1 |a обводы 
610 1 |a кривые поверхности 
610 1 |a поверхности вращения 
610 1 |a развертки 
610 1 |a аксонометрические проекции 
675 |a 514.18(075.8)  |v 3 
700 1 |a Нартова  |b Л. Г.  |g Лидия Григорьевна 
701 1 |a Якунин  |b В. И.  |g Вячеслав Иванович 
801 1 |a RU  |b 63413507  |c 20141006 
801 2 |a RU  |b 63413507  |c 20221209  |g RCR 
856 4 |u http://www.lib.tpu.ru/fulltext2/m/2014/FN/fn-105.pdf 
942 |c CF